Probability and statistics / (Record no. 32315)

000 -LEADER
fixed length control field 00547 a2200205 4500
003 - CONTROL NUMBER IDENTIFIER
control field NUST
020 ## - INTERNATIONAL STANDARD BOOK NUMBER
International Standard Book Number 9780321500465
038 ## - RECORD CONTENT LICENSOR
Staff Name khadija
082 ## - DEWEY DECIMAL CLASSIFICATION NUMBER
Classification number 519.2
Author Mark DEG
100 1# - MAIN ENTRY--PERSONAL NAME
Personal name DeGroot, Morris H.
9 (RLIN) 8620
245 10 - TITLE STATEMENT
Title Probability and statistics /
Statement of responsibility, etc. Morris H. DeGroot, Mark J. Schervish.
250 ## - EDITION STATEMENT
Edition statement 4th ed.
260 ## - PUBLICATION, DISTRIBUTION, ETC.
Place of publication, distribution, etc. [S.l.] :
Name of publisher, distributor, etc. Pearson,
Date of publication, distribution, etc. 2011.
300 ## - PHYSICAL DESCRIPTION
Extent 912 p. ;
Dimensions 26 cm.
490 1# - SERIES STATEMENT
Series statement 4th edition.
563 ## - BINDING INFORMATION
Binding note hardcover
700 1# - ADDED ENTRY--PERSONAL NAME
Personal name Schervish, Mark J.
9 (RLIN) 8621
830 #0 - SERIES ADDED ENTRY--UNIFORM TITLE
Uniform title 4th edition.
9 (RLIN) 167
942 ## - ADDED ENTRY ELEMENTS (KOHA)
Institution code [OBSOLETE] SNS
Koha item type Book
Call number prefix 519.2 DEG
Source of classification or shelving scheme
Holdings
Withdrawn status Lost status Source of classification or shelving scheme Damaged status Not for loan Permanent Location Current Location Shelving location Date acquired Full call number Barcode Date last seen Price effective from Koha item type Public note
          School of Mechanical & Manufacturing Engineering (SMME) School of Mechanical & Manufacturing Engineering (SMME) General Stacks 08/06/2015 519.2 DEG SMME-1081 03/27/2018 08/06/2015 Book Rack,47-Shelf,3
© 2023 Central Library, National University of Sciences and Technology. All Rights Reserved.